000 00952nam a2200229 a 4500
001 000006819
005 20251120073731.0
008 090903s1983 dr a r 000 0 spa d
040 _aDO-SdBNP
_bspa
_cBNPHU
082 _a372.21097293
_bR789e
100 1 _aRosario, Fe María
_918958
245 1 0 _aEstado del arte de la educacicón pre-escolar en la República Dominicana /
_cFe María Rosario, Amarilis Perez de Zapata.
260 _aSantiago de los Caballeros :
_bCEDIE :
_bUCAMAIMA,
_c1983.
300 _a232 p. :
_bil. ;
_c23 cm.
500 _aIncluye referencias bibliográficas y notas al pie de las páginas
504 _aBibliografía : p. 131-133
590 _aInventariado, 2018/BT
650 4 _aEducación preescolar
_918959
710 2 _aCentro de Documentación e Investigación Educativa (República Dominicana)
_918960
710 2 _aPontificia Universidad Católica Madre y Maestra
_9843
910 _aValidado. Control de calidad. MFF
999 _c6607
_d6607